000 00551nam a2200157Ia 4500
008 170221s9999 xx 000 0 und d
100 _aLingwei Xu
245 _aPerformance Analysis of the IAF Relaying M2M Cooperative Networks over N-Nakagami Fading Channels
245 _cLingwei Xu, Hao Zhang, Tingting Lu, and T. Aaron Gulliver
260 _bJournal of Communications
260 _c2014
300 _a34 : 12
650 _xCommunication
650 _xMedia Arts
856 _uhttp://www.jocm.us/index.php?m=content&c=index&a=lists&catid=144
999 _c310882
_d310882